000 00237nam a2200097Ia 4500
001 986456
005 20250826221101.0
008 250824s9999 xx 000 0 und d
245 0 _aHAYVANLARIN ABC Sİ
_cBİLGİN ADALI
260 _bHEP KİTAP
999 _c986456
_d986456